000
00340nam a2200145Ia 4500
008
191201s2012 xx 000 0 und d
082
_a
624.17
_b
PUT
100
_a
PUNMIA, BC
245
0
_a
Theory of Structures
250
_a
Rep
260
_a
N. Delhi
_b
Laxmi Publications
_c
2012
300
_a
648
650
_a
B.Tech(CE)
942
_2
ddc
_c
BK
999
_c
5588
_d
5588